Ablative Plastics (Record no. 23723)

MARC details
000 -LEADER
fixed length control field 00298nam a2200121Ia 4500
082 ## - DEWEY DECIMAL CLASSIFICATION NUMBER
Classification number 678.5:62
Item number DAL
245 #0 - TITLE STATEMENT
Title Ablative Plastics
260 ## - PUBLICATION, DISTRIBUTION, ETC. (IMPRINT)
Place of publication New York
Name of publisher Marcel Dekker
Year of publication 1971
700 ## - ADDED ENTRY--PERSONAL NAME
Personal name Dalelio, G F
700 ## - ADDED ENTRY--PERSONAL NAME
Personal name Parker, John A
942 ## - ADDED ENTRY ELEMENTS (KOHA)
Koha item type Books
Holdings
Withdrawn status Lost status Damaged status Not for loan Home library Current library Date acquired Cost, normal purchase price Full call number Accession Number Koha item type
        RRII Library RRII Library 16/12/2021 39.50 678.5:62 DAL 04420 Books